Un mirlo dorado, un ramo de flores y una cuchara de plata: conversación, collage, documentos

Uloženo v:
Podrobná bibliografie
Médium: Kniha
Jazyk:španělština
Vydáno: Barcelona Prodimag 2011
Témata:
Tagy: Přidat tag
Žádné tagy, Buďte první, kdo vytvoří štítek k tomuto záznamu!

MARC

LEADER 00000cam a2200000 a 4500
001 UCE3546
003 CL-VaPUC
008 140911e20110000sp |||||||||||||||||spa|d
020 |a 9788461487653 
082 0 4 |a 791.4309  |b MIR  |2 21 
245 1 3 |a Un mirlo dorado, un ramo de flores y una cuchara de plata: conversación, collage, documentos 
300 |a 175 p 
942 |c BK 
945 |d 20140911 14:25:00  |a cmena 
260 |a Barcelona  |b Prodimag  |c 2011 
650 0 |a Directores de cine  |9 368705 
650 0 |a Entrevistas  |9 265537 
651 7 |a PORTUGAL  |2 CL-VaPUC  |9 255007 
583 |a last modification  |c 20140911 14:25:00  |k Rodrigo Vera 
999 |c 356794  |d 356792 
952 |0 0  |1 0  |3 erb  |4 0  |6 791_430900000000000_MIR_2011  |7 0  |8 X  |9 464513  |a FDOSRS  |b FDOSRS  |i 5093120  |o 791.4309 MIR 2011  |p 5093120  |r 2025-03-13  |w 2019-11-23  |y BK_X  |z Catalogado en:20140911  |k SRS